| 000 | 01192nam a22002657a 4500 | ||
|---|---|---|---|
| 001 | 39840 | ||
| 003 | BD-RjUL | ||
| 005 | 20220310144634.0 | ||
| 008 | 160419r20031967bg a|||| |||| 00| 1 ben d | ||
| 020 |
_a9840743864 _c: Tk. 270.00 |
||
| 035 | _a(BD-RjUL)39954 | ||
| 040 |
_aBD-RjUL _bben _cBD-RjUL |
||
| 041 | _aben | ||
| 082 |
_223 _a891.4408 _bSHS 2003 |
||
| 100 |
_aশিরাজী, সৈয়দ ইসমাইল হোসেন _9122733 |
||
| 245 | 1 | 0 |
_aশিরাজী - রচনাবলী / _cসৈয়দ ইসমাইল হোসেন শিরাজী ; আবদুল কাদির সম্পাদিত, |
| 260 |
_aঢাকা : _bবাংলা একাডেমী, _c১৯৬৭. _c[পুনমুর্দ্রণ ২০০৩] |
||
| 300 |
_a[১২], ৫৩৬ পৃ. : _bচিত্র ; _c২২ সেমি. |
||
| 490 |
_aবাএ ; _v৪৩৭৭ |
||
| 650 |
_aবাংলা সাহিত্য _9122734 _vরচনাবলী |
||
| 650 |
_aBengali Literature, _9122735 _vCollected Works |
||
| 700 |
_aকাদির, আবদুল, সম্পাদক _91811 |
||
| 830 |
_aবাএ ; _v৪৩৭৭ _9601 |
||
| 942 |
_2ddc _cBK |
||
| 999 |
_c39840 _d39840 |
||